|
|
|
|
| LEADER |
01016nam a2200253 a 4500 |
| 001 |
2909686 |
| 008 |
880408s1989 caua b 001 0 eng d |
| 010 |
|
|
|a 88010547
|
| 020 |
|
|
|a 0534094449
|
| 040 |
|
|
|a DLC
|c DLC
|d DLC
|d BD-DhAAL
|
| 082 |
0 |
0 |
|a 155.4
|2 19
|
| 100 |
1 |
|
|a Shaffer, David R.
|q (David Reed),
|d 1946-
|
| 245 |
1 |
0 |
|a Developmental psychology :
|b childhood and adolescence /
|c David R. Shaffer.
|
| 250 |
|
|
|a 2nd ed.
|
| 260 |
|
|
|a Pacific Grove, Calif. :
|b Brooks/Cole,
|c c1989.
|
| 300 |
|
|
|a xxiii, 680 p. :
|b ill. (some col.) ;
|c 24 cm.
|
| 500 |
|
|
|a First ed. has subtitle: theory, research, and applications.
|
| 504 |
|
|
|a Includes bibliographies and indexes.
|
| 541 |
1 |
|
|e 00010784
|
| 650 |
|
0 |
|a Child psychology
|v Textbooks.
|
| 650 |
|
0 |
|a Adolescent psychology
|v Textbooks.
|
| 852 |
4 |
|
|a Ayesha Abed Library
|j General shelf
|
| 999 |
|
|
|c 8688
|d 8688
|
| 952 |
|
|
|0 0
|1 0
|2 ddc
|4 0
|6 155_400000000000000_SHA_1988
|7 0
|9 10451
|a BRACUL
|b BRACUL
|c GEN
|d 2010-05-24
|l 1
|m 18
|o 155.4 SHA
|p 3010010784
|r 2022-04-10
|s 2020-02-06
|t 1
|w 2010-05-24
|y BK
|